000 00661cam a22002533a 4500
001 25540
003 PGUSA
005 20140828083541.0
008 080520s2008||||xxu|||||s|||||000 | eng d
040 _aPGUSA
_beng
042 _adc
050 4 _aPZ
050 4 _aBJ
100 1 _aNewcomb, Harvey,
_d1803-1863
245 1 0 _aAnecdotes for Boys
_h[electronic resource] /
_cHarvey Newcomb
260 _bProject Gutenberg,
_c2008
506 _aPublic domain in the USA.
516 _aElectronic text
653 _aBoys
653 _aConduct of life
830 0 _aProject Gutenberg
_v25540
856 4 0 _uhttp://www.gutenberg.org/ebooks/25540
942 _cEB
999 _c254795
_d254795